000 00802aam a2200289 i 4500
001 768714001
003 CO-MdFUSB
005 20250903160739.0
007 ta
008 250903t1939 -us |||| |||| 00| 0 eng d
040 _cCO-MdFUSB
041 0 _aeng
082 0 4 _a249.8
_223
_bC8759s
245 1 0 _aSprings in the valley
_c/ compilado por Chas E. Cowman
264 1 _bOriental Missionary Society,
_aLos Angeles, CA., USA :
_c[1939]
264 4 _c©1939
300 _a371 páginas
336 _atexto
_btxt
_2rdacontent
337 _2rdamedia
_asin mediación
_bn
338 _2rdacarrier
_avolumen
_bnc
563 _aPasta dura
653 _aDevocionales cristianos
700 _aCowman, Charles E.,
_910698
_ecompilador
942 _cBK
945 _aJTF-925
999 _c38447
_d38447